000 00561nam a2200241Ia 4500
005 20260306150727.0
008 008 260114s9999 xx 000 0 eng d
020 _a9781846151200
037 _aEbook
040 _aCRL
040 _beng
040 _cCRL
041 _2eng
041 _aeng
084 _qCRL
245 0 _aMental Health Care in Modern England
260 _bBoydell and Brewer
260 _c2003
650 _aMedicine
856 _uhttps://www.degruyter.com/isbn/9781846151200
942 _cEBOOK
999 _c1699119
_d1699119